| 000 | 02716cam a22005654i 4500 | ||
|---|---|---|---|
| 003 | PE-LiUPU | ||
| 005 | 20250731172835.0 | ||
| 008 | 150828s2012 ck a rb 001 0 spa d | ||
| 020 | _a9789587157864 | ||
| 035 | _a(Sirsi) i9789587157864 | ||
| 040 |
_aPE-LiUPU _bspa _dPE-LiUPU _erda |
||
| 041 | 1 |
_aspa _hita |
|
| 049 | _aPRUA | ||
| 082 | 0 | 4 |
_a220.09 _bB75 |
| 100 | 1 |
_aBoscollo, Gastone, _eautor. |
|
| 245 | 1 | 3 |
_aLa Biblia en la historia : _bintroducción general a la Sagrada Escritura / _cGastone Boscolo ; traducido por José Uriel Patiño Franco. |
| 250 | _aPrimera edición. | ||
| 264 | 1 |
_aBogotá, Colombia : _bSociedad de San Pablo, _c2012. |
|
| 300 |
_a514 páginas ; _c22 centímetros |
||
| 336 |
_atext _2rdacontent |
||
| 337 |
_aunmediated _2rdamedia |
||
| 338 |
_avolume _2rdacarrier |
||
| 504 | _aBibliografía : páginas 501-505. | ||
| 504 | _aÍndice : páginas 507-514. | ||
| 505 | 0 | _aLa Biblia: una biblioteca de libros -- Cómo nació la Biblia -- Geografía de Palestina -- Historia de Israel -- Movimientos y partidos religiosos -- Vida y costumbres del pueblo judío -- Literatura del antiguo oriente medio -- Literatura intertestamentaria y rabínica -- El texto de la Biblia -- El canón de la escritura -- Revelación y Sagrada Escritura -- Inspiración de la escritura -- La verdad de la escritura -- La interpretación de la escritura -- Hermenéutica de autor y hermenéutica del texto -- Formas y géneros literarios -- Metodología bíblica -- Subsidios para el estudio de la Biblia. | |
| 526 | _aSEG42 | ||
| 526 | _aSEG41 | ||
| 526 | _aSEG40 | ||
| 526 | _aSEG39 | ||
| 526 | _aP94 | ||
| 526 | _aP87 | ||
| 526 | _aP86 | ||
| 526 | _aP85 | ||
| 526 | _aP77 | ||
| 526 | _aP76 | ||
| 526 | _aP35 | ||
| 534 |
_pTítulo original : _tLa Bibbia nella storia |
||
| 630 |
_aBiblia _xCrítica, interpretación, etc. |
||
| 630 |
_aBiblia _xHermenéutica. |
||
| 630 | 4 |
_aBiblia _xCanon. |
|
| 630 | 4 |
_aBiblia _xHistoria. |
|
| 700 | 1 |
_aPatiño Franco, José Uriel, _etraductor. |
|
| 910 |
_aaas _bjck _caas _d20150828 |
||
| 942 |
_2ddc _cBOOK |
||
| 949 |
_aPGT 220.09 B75 _wDEWEY _c1 _i71792 _d2017-1-2 _e2017-1-2 _kCHECKEDOUT _lCCODEBUL1 _mBUL _n3 _p30.00 _q2 _rM _sY _tBOOK _u2015-8-28 _xTEOLOGIA _PP85 _0COMPRA _o.CIRCNOTE. No olvidar cambiar la fecha de devolución!!!!!!! _o.STAFF. Posgrado |
||
| 994 |
_aC0 _bPEPRU |
||
| 596 | _a1 | ||
| 999 |
_aPGT 220.09 B75 _wDEWEY _c6931 _i71792 _d6931 _e2022-7-10 _f2021-11-9 _g5 _lCCODEBUL1 _mBUL _n7 _p30.00 _q5 _r0 _sY _tBOOK _u2015-8-28 _xTEOLOGIA _PP85 _0COMPRA _o.CIRCNOTE. No olvidar cambiar la fecha de devolución!!!!!!! _o.STAFF. Colección Teología |
||
| 980 |
_81 _gALBERTO SANCHEZ Responsable de Automatización |
||